00546nam a22001817a 4500003001100000005001700011008004100028020001500069040003900084041000800123082001600131100002100147245005200168260003900220300007500259650001200334650001800346LK-CoMWRAF20231206121728.0230925b1999 |||||||| |||| 00| 0 eng d a1559635649 aLK-CoMWRAFdLK-CoMWRAFeLK-CoMWRAF aeng a582.13bBER aBernhardt, Peter aThe Rose's Kiss: bA Natural History of Flowers aWashington: bIsland Press,c1999 a267 p. : ill., map ; 22 cm.bBibliography, glossary and index included aFLOWERS aPlant ecology